000 00403 a2200169 4500
001 69790
020 _a8576350556
040 _cAnchieta - Itaigara
100 _aGóes, Lúcia Pimentel
240 1 0 _aQuem faz os dias da semana?
_lpor
245 1 0 _aQuem faz os dias da semana?
300 _a31
362 0 _a20
440 1 _aLarousse do Brasil
650 4 _aLiteratura infanto-juvenil
942 _cBK
999 _c69790
_d69790